01353nam a2200277 450000500170000000800410001704000270005804100080008504400070009308200160010010000270011624501550014326000330029830000960033150400420042765000350046965000360050465000260054065000680056670000320063470000340066694200150070099900170071595201820073295201610091420160629091617.0160629s2013 mx ado||r|||| 001 0 spa d aCO-BoIAVH cCO-BoIAVH 0 aspa amx04a354.3bG17p1 aGalán, Carlaeautora10aPolíticas públicas hacia la sustentabilidad : bintegrando la visión ecosistémica / cCarla Galán, Patricia Balvanera y Fabiana Castellarini aMéxico : bCONABIO,c2013. a108 páginas : bilustraciones a color, gráficas y fotografías a color : c28 x 21 cm. aIncluye referencias bibliográficas.26aPolítica ambientalzMéxico26aDesarrollo sosteniblezMéxico26aGobernanciazMéxico26aDegradación ambientalxservicios de los ecosistemaszMéxico1 aBalvanera, Patriciaeautora1 aCastellarini, Fabianaeautora 2ddccLIBRO c18851d18851 00102ddc40708GENERALIINV2017aBogotabBogotad2016-06-29eInstitutog39000.00l1oLB-354.3 G17pp040528r2019-02-12 00:00:00s2019-02-12tEj. 1w2016-06-29xDonacionyLIBRO 00102ddc40708GENERALaBogotabBogotad2018-04-12eInstitutog39000.00l0oLB-354.3 G17pp043555r2018-04-12 00:00:00tEj. 2w2018-04-12xDonacionyLIBRO